LEADER 01037nam a2200217 i 4500 001 000000033830 003 CaOOAMICUS 005 20260326140941.0 008 180830s1925 it u000 u lat u 040 $aSeMil$bita 100 0 $aTommaso : d'Aquino,$c.$0(OLS)http://semarc/name/423 245 10$aS. Thomae Aquinatis in Evangelia S. Matthaei et S. Joannis commentaria. 250 $aEditio 4. taurinesis 260 $aTaurini :$bMarietti a. 1820 condita,$c1925. 300 $a2 v. ;$c22 cm. 650 4$aBibbia - NT - Vangeli - Interpretazione [di] Tommaso : d'Aquino.$0(OLS)http://semarc/subject/83 774 0 $aTommaso : d'Aquino $tEvangelium secundum Matthaeum.$g1$w()85603 774 0 $aTommaso : d'Aquino $tEvangelium secundum Joannem.$g2$w()85605 996 $6245$aS. Thomae Aquinatis in Evangelia S. Matthaei et S. Joannis commentaria$9(OLS)http://semarc/title/402317 996 $6260$aTaurini :$bMarietti a. 1820 condita$9(OLS)http://semarc/publisher/35841